|
|
|
|
| LEADER |
01944cas a2200241 a 4500 |
| 001 |
AALejournalIMF016464 |
| 008 |
230101c9999 xx r poo 0 0eng d |
| 020 |
|
|
|c 5.00 USD
|
| 020 |
|
|
|z 9781513598420
|
| 022 |
|
|
|a 1018-5941
|
| 040 |
|
|
|a BD-DhAAL
|c BD-DhAAL
|
| 100 |
1 |
|
|a Heng, Dyna.
|
| 245 |
1 |
0 |
|a Impact of the New Financial Services Law in Bolivia on Financial Stability and Inclusion /
|c Dyna Heng.
|
| 264 |
|
1 |
|a Washington, D.C. :
|b International Monetary Fund,
|c 2015.
|
| 300 |
|
|
|a 1 online resource (31 pages)
|
| 490 |
1 |
|
|a IMF Working Papers
|
| 500 |
|
|
|a <strong>Off-Campus Access:</strong> No User ID or Password Required
|
| 500 |
|
|
|a <strong>On-Campus Access:</strong> No User ID or Password Required
|
| 506 |
|
|
|a Electronic access restricted to authorized BRAC University faculty, staff and students
|
| 520 |
3 |
|
|a This paper examines the impact of the new financial services law in Bolivia-including credit quotas and interest rate caps-on financial stability and inclusion. So far, credit to 'targeted' sectors is growing as intended by the law but the increase in the average loan size of microfinance institutions and the declining number of borrowers point to potentially adverse effects of the interest rate caps on financial inclusion. Looking ahead, while the new law contains many good provisions, international experience suggests that promoting financial access through credit quota and interet rate caps is very challenging. Indeed, trying to meet the 2018 credit target for the productive sectors and social housing could imply the build up of significant financial stability risks. These will need careful monitoring and possible modifications to the credit quotas and interest rate caps.
|
| 538 |
|
|
|a Mode of access: Internet
|
| 830 |
|
0 |
|a IMF Working Papers; Working Paper ;
|v No. 2015/267
|
| 856 |
4 |
0 |
|z Full text available on IMF
|u http://elibrary.imf.org/view/journals/001/2015/267/001.2015.issue-267-en.xml
|z IMF e-Library
|